[Event "Frunze"]
[Site "Frunze"]
[Date "1985.??.??"]
[Round "15"]
[White "Sturua, Zurab"]
[Black "Romanishin, Oleg M"]
[Result "1/2-1/2"]
[WhiteElo "2420"]
[BlackElo "2570"]
[PlyCount "68"]
[EventDate "1985.11.??"]
[Source "ChessBase"]

1. d4 Nf6 2. c4 g6 3. g3 c6 4. Bg2 Bg7 5. Nc3 d6 6. e4 e5 7. Nge2 Bg4 8. f3 Be6 9. b3 Qa5 10. Bd2 O-O 11. Rc1 Na6 12. Nd5 Qd8 13. Nxf6+ Bxf6 14. Bc3 Bg7 15. O-O b5 16. cxb5 cxb5 17. Qd2 b4 18. Bb2 Qb6 19. Kh1 Rac8 20. f4 Bg4 21. dxe5 dxe5 22. Bxe5 Rcd8 23. Qb2 Bxe5 24. fxe5 Nc5 25. Nf4 Nd3 26. Nxd3 Rxd3 27. Qf2 Qb8 28. Qf4 Be6 29. Rc6 Rc3 30. Rd6 Rc2 31. Rf2 Qc8 32. h4 Rxf2 33. Qxf2 Qc3 34. Qf4 h5 1/2-1/2

[Event "GEO-ch 60th"]
[Site "?"]
[Date "2000.05.??"]
[Round "?"]
[White "Supatashvili Khvicha"]
[Black "Bagaturov Giorgi"]
[Result "1/2-1/2"]
[WhiteElo "2479"]
[BlackElo "2501"]
[PlyCount "100"]
[EventDate "2000.??.??"]
[Source "www.chesslib.no"]
[SourceDate "2004.05.04"]

1. d4 Nf6 2. c4 g6 3. g3 Bg7 4. Bg2 c5 5. Nf3 Qa5+ 6. Nc3 Ne4 7. Qd3 cxd4 8. Nxd4 Nc5 9. Qd1 Nc6 10. e3 Ne6 11. O-O Qc5 12. Ndb5 a6 13. Na4 Qxc4 14. Nbc3 Rb8 15. Nb6 Qc5 16. Ncd5 O-O 17. b4 Qd6 18. Nc4 Qxd5 19. Bxd5 Bxa1 20. Nb6 Nc7 21. e4 Bg7 22. Bg5 Re8 23. a3 d6 24. Nxc8 Rbxc8 25. Bxc6 bxc6 26. Qa4 Nb5 27. Qxa6 Ra8 28. Qb7 Reb8 29. Qd7 Rc8 30. Qg4 Rc7 31. Be3 e6 32. Rc1 Rxa3 33. Qh4 Ra8 34. Kg2 h5 35. g4 hxg4 36. Qxg4 Ra4 37. h4 Rxb4 38. h5 gxh5 39. Qf3 d5 40. Qxh5 Rxe4 41. Rh1 Nd4 42. Bh6 Ne2 43. Rh4 Bxh6 44. Qxh6 Rxh4 45. Qxh4 Rd7 46. Qg4+ Kf8 47. Qxe2 d4 48. Qd3 c5 49. Kf1 c4 50. Qxc4 d3 1/2-1/2

[Event "Leeuwarden op"]
[Site "Leeuwarden"]
[Date "1997.??.??"]
[Round "7"]
[White "Kharitonov, Andrei Y"]
[Black "Van den Doel, Erik"]
[Result "1/2-1/2"]
[WhiteElo "2540"]
[BlackElo "2440"]
[PlyCount "53"]
[EventDate "1997.11.08"]
[Source "www.chesslib.no"]
[SourceDate "2004.05.04"]

1. d4 Nf6 2. c4 g6 3. g3 c5 4. d5 b5 5. cxb5 d6 6. Bg2 Bg7 7. Nc3 a6 8. bxa6 O-O 9. Nf3 Bf5 10. Nh4 Bd7 11. O-O Nxa6 12. Bd2 Qb6 13. b3 Rfc8 14. a3 Rcb8 15. Rb1 Nc7 16. a4 Qa6 17. Qc2 Rb4 18. e4 Rab8 19. Na2 R4b6 20. Rfc1 e6 21. dxe6 Nxe6 22. Bc3 c4 23. bxc4 Bxa4 24. Rxb6 Rxb6 25. Qe2 Bb3 26. Nb4 Qxc4 27. Qxc4 1/2-1/2

[Event "Sportland-NRW-Cup"]
[Site "Senden"]
[Date "1999.??.??"]
[Round "9"]
[White "Petrosian, Arshak B"]
[Black "Gutman, Lev"]
[Result "1-0"]
[WhiteElo "2510"]
[BlackElo "2470"]
[PlyCount "97"]
[EventDate "1999.10.??"]
[Source "www.chesslib.no"]
[SourceDate "2004.05.04"]

1. d4 Nf6 2. c4 g6 3. g3 Bg7 4. Bg2 O-O 5. Nc3 Nc6 6. e3 a6 7. Nge2 Rb8 8. O-O b5 9. c5 a5 10. d5 Na7 11. a3 d6 12. c6 Ba6 13. b4 Ng4 14. e4 Nc8 15. f4 Nb6 16. h3 Nf6 17. g4 Nc4 18. Nd4 Rb6 19. Rb1 Qb8 20. Kh1 a4 21. Re1 Qa7 22. e5 Ne8 23. Nf3 Rb8 24. Qe2 Rd8 25. Nd2 Nb6 26. Qe3 Qb8 27. e6 fxe6 28. Qxe6+ Rf7 29. Bb2 Nf6 30. Qe3 Qc8 31. Qd3 Rdf8 32. Ne2 h5 33. g5 Nfxd5 34. Bxd5 Nxd5 35. Bxg7 Kxg7 36. Qxd5 Qxh3+ 37. Kg1 Bc8 38. Qf3 Qf5 39. Nd4 Qg4+ 40. Qxg4 Bxg4 41. Ne6+ Bxe6 42. Rxe6 Re8 43. Rf1 Rf5 44. Rfe1 Kf7 45. R6e4 e5 46. Nf3 Rf8 47. Nh4 Rxf4 48. Rxf4+ exf4 49. Kf2 1-0

[Event "MK Cafe Cup-A"]
[Site "Koszalin"]
[Date "1998.08.06"]
[Round "4"]
[White "Rogozenko, Dorian"]
[Black "Gdanski, Jacek"]
[Result "1/2-1/2"]
[WhiteElo "2435"]
[BlackElo "2540"]
[PlyCount "56"]
[EventDate "1998.08.03"]
[Source "ChessBase"]
[SourceDate "1998.09.09"]

1. d4 Nf6 2. c4 g6 3. g3 Bg7 4. Bg2 c5 5. dxc5 Qa5+ 6. Nd2 O-O 7. Nh3 Qxc5 8. Nf4 d6 9. O-O Nc6 10. a3 a5 11. b4 Qb6 12. b5 Ne5 13. Bb2 a4 14. Rc1 Bf5 15. Nf3 Nxf3+ 16. Bxf3 Nd7 17. Nd5 Qd8 18. Bxg7 Kxg7 19. Ne3 Nc5 20. Nxf5+ gxf5 21. Qd2 f6 22. Rcd1 Qd7 23. Bg2 Rad8 24. Qe3 e6 25. Rd4 Kh8 26. Rfd1 Qe7 27. Qc3 Rg8 28. Bf3 Rd7 1/2-1/2

[Event "Kladovo"]
[Site "?"]
[Date "1980.04.23"]
[Round "14"]
[White "Kuzmin Gennadi P"]
[Black "Djuric Stefan"]
[Result "1-0"]
[WhiteElo "2530"]
[BlackElo "2440"]
[PlyCount "81"]
[EventDate "1980.??.??"]
[Source "www.chesslib.no"]
[SourceDate "2004.05.04"]

1. d4 Nf6 2. c4 g6 3. g3 c5 4. d5 d6 5. Nc3 Bf5 6. Bg2 Na6 7. e4 Bg4 8. f3 Bd7 9. f4 Qc7 10. Nf3 Bg4 11. O-O Nd7 12. Re1 Bg7 13. Bd2 O-O 14. h3 Bxf3 15. Bxf3 Rae8 16. Kg2 Qb8 17. h4 Nc7 18. Qb3 e5 19. f5 h5 20. Rf1 Nf6 21. Be2 a6 22. a4 b6 23. Rf2 Qb7 24. Raf1 Rb8 25. Bg5 Nce8 26. Qd1 Qd7 27. Kh2 Rb7 28. b3 Qc8 29. Rg2 Kh7 30. g4 hxg4 31. Bxg4 Qb8 32. Bh3 Rh8 33. Rfg1 Kg8 34. fxg6 fxg6 35. Bxf6 Nxf6 36. Rxg6 Qd8 37. Rf1 Kf8 38. Qg4 Rf7 39. Qg5 Rh7 40. Be6 Rh5 41. Rxg7 1-0

[Event "Lloyds Bank op"]
[Site "London"]
[Date "1982.??.??"]
[Round "2"]
[White "Kortschnoj, Viktor"]
[Black "Berg, Klaus"]
[Result "1-0"]
[WhiteElo "2635"]
[BlackElo "2335"]
[PlyCount "61"]
[EventDate "1982.08.??"]
[Source "ChessBase"]

1. d4 Nf6 2. c4 g6 3. g3 Bg7 4. Bg2 O-O 5. e4 d6 6. Ne2 e5 7. O-O Nbd7 8. Nbc3 a5 9. f3 exd4 10. Nxd4 c6 11. b3 d5 12. exd5 cxd5 13. Ba3 Re8 14. Ncb5 dxc4 15. bxc4 Nb6 16. Rc1 Bd7 17. Nd6 Re3 18. Nb3 Bc6 19. Qd2 Bh6 20. Bc5 Rxb3 21. Qxh6 Rd3 22. Qf4 Nbd7 23. Bd4 Qf8 24. g4 h6 25. Rfd1 Rxd1+ 26. Rxd1 Ne8 27. Bc3 Nxd6 28. Rxd6 Kh7 29. Qd4 Nb6 30. Rxc6 bxc6 31. Qxb6 1-0

[Event "RUS-Cup7"]
[Site "Kstovo"]
[Date "1997.??.??"]
[Round "8"]
[White "Skomorokhin, Roman"]
[Black "Yurtaev, Leonid"]
[Result "0-1"]
[WhiteElo "2475"]
[BlackElo "2495"]
[PlyCount "60"]
[EventDate "1997.05.01"]
[Source "ChessBase"]
[SourceDate "1997.08.01"]

1. d4 Nf6 2. c4 g6 3. g3 Bg7 4. Bg2 O-O 5. Nf3 d6 6. O-O Nbd7 7. Qc2 e5 8. Rd1 Re8 9. e4 c6 10. Nc3 exd4 11. Nxd4 Qe7 12. Rb1 a5 13. b3 Nc5 14. f3 Nfd7 15. a3 Nb6 16. b4 axb4 17. axb4 Ne6 18. Nce2 d5 19. Nxe6 Bxe6 20. cxd5 cxd5 21. Qc5 Qd8 22. Bf4 Na4 23. Qc1 d4 24. e5 d3 25. Qe3 Bc4 26. Rbc1 Nb2 27. Rd2 dxe2 28. Rxb2 Qd1+ 29. Kf2 Ra3 30. Rxd1 exd1=N+ 0-1

[Event "AUT-chT2S 9900"]
[Site "?"]
[Date "2000.01.22"]
[Round "5.6"]
[White "Konopka Michal"]
[Black "Ruck Robert"]
[Result "1/2-1/2"]
[WhiteElo "2484"]
[BlackElo "2485"]
[PlyCount "35"]
[EventDate "2000.??.??"]
[Source "www.chesslib.no"]
[SourceDate "2004.05.04"]

1. d4 Nf6 2. c4 g6 3. g3 c6 4. Nc3 d5 5. cxd5 cxd5 6. Nh3 Bg7 7. Nf4 Nc6 8. Bg2 e6 9. e3 O-O 10. O-O b6 11. Qd2 Ba6 12. Rd1 Rc8 13. b3 Qd7 14. Ba3 Rfd8 15. Rac1 Ne8 16. Nd3 Nd6 17. Bf1 Qb7 18. Bg2 1/2-1/2

[Event "6. EICC"]
[Site "?"]
[Date "2005.06.23"]
[Round "6"]
[White "Gaprindashvili Valerian"]
[Black "Kurnosov Igor"]
[Result "0-1"]
[WhiteElo "2415"]
[BlackElo "2550"]
[PlyCount "70"]
[EventDate "2005.??.??"]
[Source "www.chesslib.no"]
[SourceDate "2004.05.04"]

1. d4 Nf6 2. c4 g6 3. g3 c5 4. d5 b5 5. Bg2 d6 6. cxb5 a6 7. bxa6 Bg7 8. Nc3 O-O 9. Nf3 Bf5 10. Nd2 Nxa6 11. O-O Nb4 12. a3 Bc2 13. Qe1 Qb8 14. Nc4 Bb3 15. Ne3 Ng4 16. Nxg4 Nc2 17. Qd2 Nxa1 18. Nh6+ Kh8 19. h4 Nc2 20. Qf4 Qe8 21. h5 Nd4 22. hxg6 fxg6 23. Qh4 Bc2 24. Bg5 Rb8 25. e3 Nf5 26. Nxf5 Rxf5 27. Be4 Bxe4 28. Nxe4 Qf7 29. Bxe7 Rh5 30. Nxd6 Qf3 31. Qxh5 gxh5 32. e4 Rxb2 33. Nc4 Rxf2 34. Rxf2 Bd4 35. Bf6+ Qxf6 0-1

[Event "Capablanca mem-B"]
[Site "Cienfuegos"]
[Date "1983.??.??"]
[Round "?"]
[White "Garcia Palermo, Carlos"]
[Black "Vogt, Lothar"]
[Result "1/2-1/2"]
[WhiteElo "2455"]
[BlackElo "2510"]
[PlyCount "38"]
[EventDate "1983.05.??"]
[Source "ChessBase"]

1. d4 Nf6 2. c4 g6 3. g3 Bg7 4. Bg2 O-O 5. Nf3 d6 6. O-O Nbd7 7. Qc2 e5 8. Rd1 Qe7 9. Nc3 c6 10. b3 Re8 11. e3 Nf8 12. dxe5 dxe5 13. a4 e4 14. Ba3 c5 15. Nd4 b6 16. h3 Bb7 17. Nde2 Ne6 18. Bb2 Ng5 19. Nf4 Rad8 1/2-1/2

[Event "Capablanca Premier-B 32nd"]
[Site "Cienfuegos"]
[Date "1997.??.??"]
[Round "1"]
[White "Teske, Henrik"]
[Black "Pecorelli Garcia, Humberto"]
[Result "1-0"]
[WhiteElo "2500"]
[BlackElo "2460"]
[PlyCount "165"]
[EventDate "1997.05.05"]
[Source "ChessBase"]
[SourceDate "1997.07.29"]

1. d4 Nf6 2. c4 g6 3. g3 Bg7 4. Bg2 O-O 5. e4 d6 6. Ne2 e5 7. O-O exd4 8. Nxd4 Nc6 9. Nxc6 bxc6 10. Nc3 Be6 11. b3 Qd7 12. Bb2 Bh3 13. Re1 Bxg2 14. Kxg2 Rfe8 15. Qc2 h5 16. h4 Re6 17. Re2 Rae8 18. Rae1 Nh7 19. Qd2 R8e7 20. f3 Qe8 21. Kf2 Qc8 22. Qd3 Re8 23. Qd2 Nf6 24. Nd1 Qa6 25. Bd4 Nd7 26. Ne3 Bxd4 27. Qxd4 Qb6 28. Qc3 a5 29. Kg2 Qb4 30. Qb2 Ne5 31. Nc2 Qb6 32. Qc3 Nd7 33. Re3 R6e7 34. Nd4 Nc5 35. R1e2 Re5 36. Qd2 Ne6 37. Nc2 g5 38. Kf1 Kh7 39. hxg5 Rxg5 40. f4 Rg4 41. Rh2 Ng7 42. Qe2 Rg6 43. f5 Rh6 44. g4 f6 45. gxh5 Qc5 46. Qg4 Qe5 47. Kg1 Ne6 48. Rg2 Ng5 49. Kf1 Kh8 50. Ne1 Qa1 51. Ree2 Rg8 52. Rg3 Rh7 53. Kg2 Rgg7 54. Qh4 Qd1 55. Kf1 Rh6 56. c5 Qd4 57. cxd6 cxd6 58. Rd3 Qe5 59. Ng2 d5 60. exd5 Qxf5+ 61. Nf4 Nh3 62. Qxh3 Qxf4+ 63. Rf3 Qc1+ 64. Re1 Rg1+ 65. Kxg1 Qxe1+ 66. Rf1 Qe5 67. Qc8+ Kg7 68. Qg4+ Kh8 69. Rf5 Qe1+ 70. Kh2 cxd5 71. Rxd5 Qf2+ 72. Kh3 Qe3+ 73. Kg2 Qe8 74. Kf2 Rh7 75. Qd4 Qe6 76. Rd8+ Kg7 77. Qd7+ Qxd7 78. Rxd7+ Kg8 79. Rxh7 Kxh7 80. a3 Kh6 81. b4 axb4 82. axb4 Kxh5 83. b5 1-0

[Event "Katowice Open"]
[Site "Katowice POL"]
[Date "1993.??.??"]
[Round "6"]
[White "Yuferov, Sergey N"]
[Black "Glek, Igor V"]
[Result "1-0"]
[WhiteElo "2415"]
[BlackElo "2545"]
[PlyCount "144"]
[EventDate "1993.01.??"]
[Source "www.chesslib.no"]
[SourceDate "2004.05.04"]

1. d4 Nf6 2. c4 g6 3. g3 Bg7 4. Bg2 c5 5. Nf3 Qa5+ 6. Bd2 Qb6 7. Nc3 cxd4 8. Na4 Qd8 9. Nxd4 O-O 10. O-O d5 11. cxd5 Nxd5 12. Qb3 Nb6 13. Nxb6 axb6 14. e3 e5 15. Nf3 Be6 16. Qb5 Bd7 17. Qe2 Nc6 18. Bc3 Qe7 19. Rfd1 Be6 20. b3 Rfc8 21. Qb2 f6 22. Nd2 b5 23. b4 Rd8 24. a3 Bg4 25. f3 Be6 26. Ne4 f5 27. Nc5 Bc4 28. Rxd8+ Rxd8 29. a4 b6 30. axb5 Nd4 31. exd4 exd4 32. Bd2 d3 33. Qc1 Bxb5 34. Nb3 Bxa1 35. Qxa1 Bc4 36. Nc1 Qd6 37. Kf2 b5 38. Qa7 Rd7 39. Qa8+ Rd8 40. Qa7 Rd7 41. Qa8+ Rd8 42. Qa7 Qf6 43. Qe3 Kf7 44. Qa7+ Kf8 45. Qe3 Kf7 46. Bf1 Re8 47. Qh6 Qd4+ 48. Kg2 Kg8 49. h4 Qb2 50. Kh3 Qd4 51. h5 Re6 52. Qg5 Kf7 53. Kg2 Qb2 54. Kh3 Qd4 55. Bg2 Qf2 56. Qh6 Kg8 57. Qf4 gxh5 58. Qb8+ Kf7 59. Qc7+ Re7 60. Qf4 Re6 61. Qxf5+ Ke8 62. Qf4 Qg1 63. Qb8+ Kf7 64. Qh8 Re7 65. Qxh7+ Ke8 66. Qxh5+ Kd7 67. Nxd3 Re2 68. Nc5+ Kc6 69. Qh6+ Kd5 70. Qg5+ Kc6 71. Qf6+ Be6+ 72. Nxe6 Rxd2 1-0

[Event "Jonsson Mem Open, Reykjavik ISL"]
[Site "?"]
[Date "2001.??.??"]
[Round "1"]
[White "Gislason, G."]
[Black "Sokolov, I."]
[Result "0-1"]
[WhiteElo "2305"]
[BlackElo "2655"]
[PlyCount "84"]
[EventDate "2001.??.??"]
[Source "www.chesslib.no"]
[SourceDate "2004.05.04"]

1. d4 Nf6 2. c4 g6 3. g3 Bg7 4. Bg2 O-O 5. Nc3 Nc6 6. Nf3 a6 7. O-O Rb8 8. d5 Na5 9. Qd3 c5 10. Rb1 b5 11. cxb5 c4 12. Qd1 axb5 13. Bf4 d6 14. Nd4 b4 15. Ncb5 Bd7 16. a4 bxa3 17. Nxa3 Qb6 18. Bd2 Rfc8 19. Bc3 Qc5 20. e4 Ng4 21. h3 Ne5 22. Kh2 Nd3 23. Nac2 Nb3 24. Nxb3 Rxb3 25. Na1 Rxb2 26. Bxb2 Nxb2 27. Qe2 c3 28. Rfc1 Bb5 29. Qf3 Ba4 30. e5 Bxe5 31. Nc2 Bf6 32. Bf1 Bb3 33. Ne3 c2 34. Ra1 Qb4 35. Ba6 Rc5 36. Qe2 Na4 37. Rxa4 Qxa4 38. Ng4 Kg7 39. Qe3 Bxd5 40. Bd3 Rc3 41. Qd2 Qd4 42. Rxc2 Qxd3 0-1

[Event "GER-ch 71st"]
[Site "Altenkirchen"]
[Date "1999.11.13"]
[Round "2"]
[White "Dautov, Rustem"]
[Black "Suhl, Dirk"]
[Result "1-0"]
[WhiteElo "2597"]
[BlackElo "2360"]
[PlyCount "37"]
[EventDate "1999.11.12"]
[Source "ChessBase"]
[SourceDate "2000.02.01"]

1. d4 Nf6 2. c4 g6 3. g3 Bg7 4. Bg2 O-O 5. Nc3 Nc6 6. e3 a6 7. Nge2 Rb8 8. O-O b5 9. c5 e6 10. e4 b4 11. Na4 a5 12. b3 Ba6 13. Bb2 e5 14. dxe5 Ng4 15. h3 Ngxe5 16. f4 Nd3 17. Bxg7 Kxg7 18. Rf3 Qf6 19. Rb1 1-0

[Event "Nordic zt"]
[Site "NOR"]
[Date "1992.??.??"]
[Round "2"]
[White "Yrjola, Jouni"]
[Black "Olafsson, Helgi"]
[Result "1/2-1/2"]
[WhiteElo "2460"]
[BlackElo "2495"]
[PlyCount "34"]
[EventDate "1992.??.??"]
[Source "ChessBase"]

1. d4 Nf6 2. c4 g6 3. g3 Bg7 4. Bg2 c5 5. Nf3 Qa5+ 6. Bd2 Qb6 7. Nc3 cxd4 8. Na4 Qc6 9. O-O Ne4 10. Ng5 f5 11. Rc1 b6 12. e3 dxe3 13. Bxe3 Bb7 14. Nc3 Bxc3 15. Nxe4 fxe4 16. Rxc3 Rf8 17. b4 Qe6 1/2-1/2